[Event "British Columbia op"]
[Site "Victoria"]
[Date "2009.07.26"]
[Round "5"]
[White "Vanheirzeele, Daniel"]
[Black "Yearwood, Roy"]
[Result "1/2-1/2"]
[WhiteElo "2201"]
[BlackElo "2079"]
[PlyCount "31"]
[EventDate "2009.07.24"]
[EventType "swiss"]
[EventRounds "5"]
[EventCountry "CAN"]
[SourceTitle "EXT 2011"]
[Source "ChessBase"]
[SourceDate "2010.11.26"]
[SourceVersion "1"]
[SourceVersionDate "2010.11.26"]
[SourceQuality "1"]

1. d4 g6 2. c4 Bg7 3. Nc3 d6 4. Nf3 e5 5. dxe5 dxe5 6. Qxd8+ Kxd8 7. Ng5 Nh6 8. h4 f6 9. Nge4 Nf7 10. h5 f5 11. h6 Bf8 12. Ng5 Ke8 13. Nd5 Na6 14. Nxh7 Bb4+ 15. Kd1 c6 16. Nxb4 1/2-1/2